Misión Jurídica: revista de Derecho y Ciencias Sociales

Gorde:
Xehetasun bibliografikoak
Formatua: Ezezaguna
Hizkuntza:Spanish
Argitaratua: Colombia : Universidad Colegio Mayor de Cundinamarca
Etiketak: Etiketa erantsi
Etiketarik gabe, Izan zaitez lehena erregistro honi etiketa jartzen!

MARC

LEADER 00000 a2200000 04500
001 49271
003
008 050703s2011 ck spa d
040
022 |a 1794-600X  
090 |a 0004 U58m 2011  
245 |a Misión Jurídica:   |b revista de Derecho y Ciencias Sociales  
260 |a Colombia :   |b Universidad Colegio Mayor de Cundinamarca  
300 |a 245 páginas : tablas  
999 |c 10991  |d 10991